000 00718nam a22002657a 4500
001 BR8806987
003 BR-BrBNA
005 20230928093051.0
007 ta
008 230509b bl.||||| |||| 00| 0 por d
040 _aBR-BrBNA
_bpor
_cBiblioteca Nacional de Agricultura
041 _a(Por)
072 _aF01
090 _ F01 BR8806987
110 1 _aProjeto Tecnologias Alternativas-FASE, Rio de Janeiro, RJ (Brasil)
_98097
245 1 _aA horta intensiva familiar
260 3 _aRio de Janeiro, RJ (Brasil):
_c1988.
300 _a56 p.
650 _aHORTA
650 _aHORTICULTURA
650 _aCULTIVO DO SOLO
650 _aCOMPOSTO ORGANICO
909 _a202309
_bLucia
_c55
_dLucia Elande
942 _cBK
999 _c42803
_d42803